| 000 | 01035nam a22002777a 4500 | ||
|---|---|---|---|
| 003 | dpl | ||
| 005 | 20180712121512.0 | ||
| 008 | 180712b xxu||||| |||| 00| 0 eng d | ||
| 010 | _aB-176795 | ||
| 020 |
_c185.00 _a8175276176 |
||
| 035 | _aB-176795, B-176813 | ||
| 037 | _bCen Lib/Ret | ||
| 040 |
_aDPL _bHN _c0 |
||
| 082 |
_aउ _bशर्माके |
||
| 100 |
_aशर्मा, के.एल. _962736 |
||
| 245 |
_aबड़ी माँ / _cके.एल. शर्मा |
||
| 246 |
_aBhadi maan / _bby K.L. Sharma |
||
| 260 |
_aहरियाणा _bनीलम पब्लिकेशन्स _c2005 |
||
| 270 |
_bहरियाणा _a501, हिमशिखा पिंजोर |
||
| 300 |
_a233पृ. _c19सेमी (सजिल्द) |
||
| 650 |
_aहिन्दी साहित्य _962737 |
||
| 650 |
_a हिंदी उपन्यास _962738 |
||
| 650 |
_aHindi literature _962739 |
||
| 650 |
_aHindi fiction _927248 |
||
| 942 |
_2ddc _cHN _hउ _mशर्माके |
||
| 999 |
_c115687 _d115687 |
||